Countries that Gained Independence from the United States - Statistics

General Stats
  • This quiz has been taken 1,957 times
    1,902 since last reset
  • The average score is 3 of 5
Answer Stats
Year Country % Correct
1946 Philippines
90%
1902 Cuba
76%
1986 FS Micronesia
55%
1986 Marshall Islands
55%
1994 Palau
53%
No matching quizzes found
Score Distribution
Percent of People with Each Score
Percentile by Number Answered
Your Score History
You have not taken this quiz since the last reset